Statistiken für Formel 1 Fahrer 2021

Klicken Sie hier um das Quiz zu spielen!

Allgemein

  • Dieses Quiz wurde 141 mal gespielt
  • Das Durchschnittsergebnis liegt bei 18 aus 20

Antwortstatistiken

TeamFahrer% Korrekt
🇬🇧MercedesLewis Hamilton
95%
🇳🇱Red BullMax Verstappen
95%
🇫🇮MercedesValtteri Bottas
95%
🇲🇨FerrariCharles Leclerc
94%
🇪🇸AlpineFernando Alonso
94%
🇩🇪HaasMick Schumacher
94%
🇩🇪Aston MartinSebastian Vettel
94%
🇲🇽Red BullSergio Perez
93%
🇪🇸FerrariCarlos Sainz
91%
🇬🇧McLarenLando Norris
90%
🇫🇷AlphaTauriPierre Gasly
90%
🇫🇷AlpineEsteban Ocon
87%
🇯🇵AlphaTauriYuki Tsunoda
85%
🇦🇺McLarenDaniel Ricciardo
83%
🇨🇦Aston MartinLance Stroll
83%
🇫🇮Alfa RomeoKimi Räikkönen
82%
🇬🇧WilliamsGeorge Russell
81%
🇨🇦WilliamsNicholas Latifi
80%
🇷🇺HaasNikita Mazepin
79%
🇮🇹Alfa RomeoAntonio Giovinazzi
74%

Verteilung der Resultate

Perzentil nach korrekt beantworteten Fragen

Anzahl Personen mit jedem Resultat

Ihre Resultats-Entwicklung

Sie haben dieses Quiz noch nicht gespielt